00738nam a22001811 4500001000700000003000900007005001700016008004100033100004300074245009100117260005100208300003400259500004300293650003000336852004900366999001900415952012200434179675ES-MaACL20230906220845.0120110s1904 sp |||| | spa d1 aBlanco-Belmonte, Marcos Rafael.92922613aLa botica en casa b: consejos higiénicos / cpor M[arcos] R[afael] Blanco-Belmonte. aMadrid : bBailly-Bailliere é Hijos, c1904. a160 pág. : bil. ; c18 cm. aPrecede al tit.: Manual de la familia.04aPrimeros auxilios.916404 aES-MaACLjD-1317 z.- Legado M. de la Fuente c179675d179675 00104070aATENEOMbATENEOMcSVId2012-01-10eDONl0oD-1317p901188756r2023-02-23 00:00:00w2023-02-23yMONOGRAFIA